Emmy - Writing (Drama) Quiz Stats

 Plays Quiz Updated Sep 19, 2021

Support Sporcle.
Go Orange.
Score 0/52 Timer 07:00
1 Play Today
Year Show % Correct
1995ER
75.7%
2014Breaking Bad
72.5%
2015Game of Thrones
69.6%
2016Game of Thrones
69.6%
1999The Sopranos
69.3%
2004The Sopranos
69.3%
2007The Sopranos
69.3%
2001The Sopranos
69.3%
2003The Sopranos
69.3%
2006The Sopranos
69.3%
2008Mad Men
63.4%
2009Mad Men
63.4%
2000The West Wing
55.5%
1994NYPD Blue
51.4%
1997NYPD Blue
51.4%
1998NYPD Blue
51.4%
2021The Crown
49.2%
1981Hill Street Blues
47.7%
1982Hill Street Blues
47.7%
1983Hill Street Blues
47.7%
2020Succession
43.6%
1987L.A. Law
43.3%
1990L.A. Law
43.3%
1991L.A. Law
43.3%
2012Homeland
42.2%
2013Homeland
40.5%
Year Show % Correct
200224
38.7%
2010Mad Men
34.8%
1986St. Elsewhere
34.5%
1984St. Elsewhere
34.3%
2017The Handmaid's Tale
34.1%
2005House M.D.
33.8%
2019Succession
30.9%
2018The Americans
23.9%
1988thirtysomething
20.8%
1989thirtysomething
20.8%
1996The X-Files
20.2%
1985Cagney & Lacey
16.8%
1993Homicide: Life on the Street
16.5%
1979Lou Grant
15.2%
1980Lou Grant
15.2%
1992Northern Exposure
14.2%
1973The Waltons
13.2%
1974The Waltons
13.2%
1960The Twilight Zone
13.2%
1961The Twilight Zone
13.2%
1962The Defenders
9.4%
1963The Defenders
9.4%
1964The Defenders
9.4%
1967Mission: Impossible
8%
2011Friday Night Lights
7.4%
1971The Bold Ones
4.5%

From the Vault

M&M Words

by gazzso

Try downing a handful of candy as well, that way you'll have no advantages, but also have a sugar high.
Remove Ads.
Support Sporcle.
Get the best of Sporcle when you Go Orange. This ad-free experience offers more features, more stats, and more fun while also helping to support Sporcle. Thank you for becoming a member.

Show Comments

Extras

Top Quizzes Today


Score Distribution

Your Account Isn't Verified!

In order to create a playlist on Sporcle, you need to verify the email address you used during registration. Go to your Sporcle Settings to finish the process.

Report this User

Report this user for behavior that violates our Community Guidelines.

Details: